Top 50 Champions League-Torschützen - Statistiken

Allgemein
  • Dieses Quiz wurde 531 mal gespielt
  • Das Durchschnittsergebnis liegt bei 22 aus 50
Antwortstatistiken
Platzierung Tore Antwort % Korrekt
1. 140 Cristiano Ronaldo
99%
2. 129 Lionel Messi
99%
3. 105 Robert Lewandowski
96%
25. 34 Gerd Müller
88%
4. 90 Karim Benzema
88%
6. 57 Thomas Müller
88%
8. 55 Kylian Mbappe
86%
18. 43 Neymar
84%
11. 49 Erling Haaland
83%
40. 27 Luis Suarez
82%
22. 40 Harry Kane
72%
5. 71 Raul
68%
12. 48 Zlatan Ibrahimovic
68%
9. 50 Thierry Henry
66%
14. 47 Mohammed Salah
60%
29. 30 Wayne Rooney
59%
21. 41 Sergio Aguero
57%
27. 31 Arjen Robben
56%
20. 42 Antoine Griezmann
48%
17. 44 Didier Drogba
46%
44. 26 Mario Gomez
46%
43. 27 Sadio Mane
46%
7. 56 Ruud van Nistelrooy
44%
32. 29 Vinicius Junior
40%
30. 30 Samuel Eto'o
38%
24. 35 Edinson Cavani
36%
15. 46 Filippo Inzaghi
36%
28. 30 Kaka
33%
46. 25 Robin van Persie
33%
19. 43 Alessandro Del Piero
31%
49. 24 Angel Di Maria
31%
13. 48 Andriy Shevchenko
28%
42. 27 Rivaldo
27%
10. 49 Alfredo Di Stefano
25%
50. 24 Luis Figo
25%
45. 25 Rodrygo
25%
35. 29 Alvaro Morata
23%
33. 29 Edin Dzeko
23%
23. 36 Ferenc Puskas
20%
36. 29 Roy Makaay
19%
38. 28 Ryan Giggs
18%
16. 46 Eusebio
17%
37. 29 David Trezeguet
14%
41. 27 Raheem Sterling
14%
26. 33 Fernando Morientes
13%
34. 29 Patrick Kluivert
12%
47. 25 Hernan Crespo
9%
39. 28 Jean-Pierre Papin
7%
48. 25 Jardel
5%
31. 30 Paco Gento
2%
Keine übereinstimmenden Quizze gefunden
Verteilung der Resultate
Anzahl Personen mit jedem Resultat
Perzentil nach korrekt beantworteten Fragen
Ihre Resultats-Entwicklung
Sie haben dieses Quiz noch nicht gespielt